[Event "Leiden op-A 12th"]
[Site "Leiden"]
[Date "2018.07.19"]
[Round "6"]
[White "Molenaar, Christiaan"]
[Black "Kerkvliet, Maximiliaan"]
[Result "1-0"]
[WhiteElo "2108"]
[BlackElo "2166"]
[PlyCount "103"]
[EventDate "2018.07.13"]
[EventType "swiss"]
[EventRounds "9"]
[EventCountry "NED"]
[SourceTitle "CBM 185 Extra"]
[Source "ChessBase"]
[SourceDate "2018.07.29"]
[SourceVersion "1"]
[SourceVersionDate "2018.07.29"]
[SourceQuality "1"]

1. e4 d5 2. exd5 Qxd5 3. Nc3 Qd6 4. d4 Nf6 5. Nf3 c6 6. Ne5 Nbd7 7. f4 Nb6 8. g4 Nbd5 9. Bg2 g6 10. g5 Nxc3 11. bxc3 Nd7 12. 0-0 h6 13. Qf3 hxg5 14. Nxf7 Kxf7 15. fxg5+ Nf6 16. Bf4 Qe6 17. Be5 Bg7 18. Rae1 Qg4 19. gxf6 exf6 20. Bd6 Qxf3 21. Re7+ Kg8 22. Rxf3 Bg4 23. Rg3 Bf8 24. Rxg4 Bxe7 25. Bxe7 Kf7 26. Re4 Rae8 27. Bc5 Rxe4 28. Bxe4 Re8 29. Bd3 b6 30. Bd6 Ke6 31. Bg3 g5 32. Kf2 Rh8 33. Bf1 f5 34. Be5 Rc8 35. Kf3 Ke7 36. h4 gxh4 37. Bh3 Rg8 38. Bxf5 Rg1 39. c4 Rf1+ 40. Kg4 a6 41. d5 cxd5 42. cxd5 Rd1 43. d6+ Rxd6 44. Bxd6+ Kxd6 45. Bc8 a5 46. a4 b5 47. axb5 a4 48. b6 a3 49. b7 Kc7 50. Be6 Kxb7 51. Ba2 Kc6 52. c4 1-0

[Event "Hoogeveen op 21st"]
[Site "Hoogeveen"]
[Date "2017.10.27"]
[Round "8"]
[White "Molenaar, Christiaan"]
[Black "Knight, David"]
[Result "1-0"]
[WhiteElo "2112"]
[BlackElo "1926"]
[PlyCount "117"]
[EventDate "2017.10.21"]
[EventType "swiss"]
[EventRounds "9"]
[EventCountry "NED"]
[SourceTitle "CBM 181 Extra"]
[Source "ChessBase"]
[SourceDate "2017.12.12"]
[SourceVersion "1"]
[SourceVersionDate "2017.12.12"]
[SourceQuality "1"]

1. f4 g6 2. Nf3 Bg7 3. d3 d5 4. c3 Nh6 5. Qc2 Nc6 6. e4 e5 7. fxe5 Nxe5 8. Bf4 Nxf3+ 9. gxf3 Be6 10. Qd2 Qh4+ 11. Bg3 Qe7 12. Na3 a6 13. Nc2 0-0-0 14. Nd4 dxe4 15. fxe4 Ng4 16. Nxe6 Qxe6 17. Bh3 h5 18. 0-0 f5 19. exf5 gxf5 20. Qf4 Qb6+ 21. d4 Rdf8 22. Bxg4 fxg4 23. Qe4 Re8 24. Qf5+ Kb8 25. Rae1 Rxe1 26. Rxe1 h4 27. Be5 Bxe5 28. Qxe5 Qh6 29. Qe3 Qf8 30. Qe7 Qf3 31. Qe3 Qc6 32. Qe6 Qf3 33. Qe3 Rg8 34. Qe6 Rf8 35. Qe2 Qd5 36. Qe7 Rg8 37. Qe6 Qg5 38. Qe3 Qh5 39. Qe5 Qh7 40. Qe4 Qh6 41. Qe6 Qf8 42. Rf1 Qd8 43. Qf6 Qe8 44. Qxh4 Qe6 45. a3 g3 46. hxg3 Rg4 47. Qd8+ Ka7 48. Qxc7 Qe3+ 49. Kg2 Qe4+ 50. Rf3 Qe2+ 51. Rf2 Qe4+ 52. Kf1 Qh1+ 53. Ke2 Re4+ 54. Kd3 Qb1+ 55. Kc4 Qa2+ 56. Kb4 Re6 57. Qc5+ Rb6+ 58. Ka5 Qb3 59. a4 1-0

[Event "Hoogeveen op 21st"]
[Site "Hoogeveen"]
[Date "2017.10.24"]
[Round "5"]
[White "Damen, Jip"]
[Black "Molenaar, Christiaan"]
[Result "1-0"]
[WhiteElo "2016"]
[BlackElo "2112"]
[PlyCount "51"]
[EventDate "2017.10.21"]
[EventType "swiss"]
[EventRounds "9"]
[EventCountry "NED"]
[SourceTitle "CBM 181 Extra"]
[Source "ChessBase"]
[SourceDate "2017.12.12"]
[SourceVersion "1"]
[SourceVersionDate "2017.12.12"]
[SourceQuality "1"]

1. e4 Nf6 2. e5 Nd5 3. d4 d6 4. Nf3 dxe5 5. Nxe5 g6 6. Bc4 c6 7. 0-0 Bg7 8. Re1 0-0 9. c3 a5 10. Nd2 Bf5 11. Nf1 Nd7 12. Nf3 N7b6 13. Be2 Qd6 14. Ng3 Bg4 15. c4 Bxf3 16. gxf3 Nf4 17. c5 Qxd4 18. Qxd4 Bxd4 19. Bxf4 Nd5 20. Bh6 Rfe8 21. Bc4 Nb4 22. Rad1 Bxb2 23. Rd7 e6 24. Rb1 Ra7 25. Rxb2 Rd8 26. Rxd8# 1-0

[Event "Hoogeveen op 21st"]
[Site "Hoogeveen"]
[Date "2017.10.23"]
[Round "4"]
[White "Molenaar, Christiaan"]
[Black "Weihrauch, Jakob"]
[Result "1/2-1/2"]
[WhiteElo "2112"]
[BlackElo "1901"]
[PlyCount "48"]
[EventDate "2017.10.21"]
[EventType "swiss"]
[EventRounds "9"]
[EventCountry "NED"]
[SourceTitle "CBM 181 Extra"]
[Source "ChessBase"]
[SourceDate "2017.12.12"]
[SourceVersion "1"]
[SourceVersionDate "2017.12.12"]
[SourceQuality "1"]

1. f4 c5 2. Nf3 g6 3. e4 Bg7 4. Be2 e6 5. 0-0 Ne7 6. d3 d5 7. c3 0-0 8. Nbd2 b6 9. Qe1 Bb7 10. Qh4 Nd7 11. g4 dxe4 12. dxe4 Nf6 13. e5 Nfd5 14. Ne4 Nc8 15. g5 Nce7 16. Nd6 Nf5 17. Nxf5 exf5 18. c4 Nc7 19. Be3 Ne6 20. Rad1 Qe7 21. Rd2 Rad8 22. Rfd1 Rxd2 23. Rxd2 Rd8 24. Rxd8+ Qxd8 1/2-1/2

[Event "Leiden LCT op-A 11th"]
[Site "Leiden"]
[Date "2017.07.22"]
[Round "8"]
[White "Molenaar, Christiaan"]
[Black "Kanters, Cor"]
[Result "1-0"]
[WhiteElo "2099"]
[BlackElo "1918"]
[PlyCount "45"]
[EventDate "2017.07.14"]
[EventType "swiss"]
[EventRounds "9"]
[EventCountry "NED"]
[SourceTitle "EXT 2018"]
[Source "ChessBase"]
[SourceDate "2017.10.13"]
[SourceVersion "1"]
[SourceVersionDate "2017.10.13"]
[SourceQuality "1"]

1. f4 d5 2. Nf3 g6 3. c3 Bg7 4. d3 Nf6 5. Qc2 0-0 6. e4 dxe4 7. dxe4 Nc6 8. Na3 e5 9. fxe5 Ng4 10. Bg5 Qe8 11. Nb5 Bxe5 12. 0-0-0 a6 13. Nbd4 h6 14. Nxe5 Qxe5 15. Nf3 Qa5 16. h3 hxg5 17. hxg4 Qxa2 18. Bd3 Na5 19. Qf2 Be6 20. Nd4 Nb3+ 21. Nxb3 Bxb3 22. Bb1 Qa4 23. Qf6 1-0

[Event "Leiden LCT op-A 11th"]
[Site "Leiden"]
[Date "2017.07.18"]
[Round "5"]
[White "Molenaar, Christiaan"]
[Black "Verstraeten, Reinaert"]
[Result "0-1"]
[WhiteElo "2099"]
[BlackElo "2316"]
[PlyCount "70"]
[EventDate "2017.07.14"]
[EventType "swiss"]
[EventRounds "9"]
[EventCountry "NED"]
[SourceTitle "EXT 2018"]
[Source "ChessBase"]
[SourceDate "2017.10.13"]
[SourceVersion "1"]
[SourceVersionDate "2017.10.13"]
[SourceQuality "1"]

1. f4 Nf6 2. Nf3 g6 3. d3 Bg7 4. e4 d5 5. e5 Nfd7 6. d4 c5 7. c4 dxc4 8. Bxc4 0-0 9. 0-0 Nb6 10. Na3 Nxc4 11. Nxc4 cxd4 12. Qxd4 Qxd4+ 13. Nxd4 b6 14. Be3 Bb7 15. f5 Rc8 16. b3 Nc6 17. f6 Nxd4 18. Bxd4 Rd8 19. Bxb6 axb6 20. fxg7 b5 21. Ne3 Rd3 22. Rfe1 Kxg7 23. Kf2 Rd4 24. Re2 Rf4+ 25. Kg1 Re4 26. g4 Rxe5 27. Nf5+ Kf6 28. Rxe5 Kxe5 29. Nxe7 Kf6 30. Rc1 Rxa2 31. Nc6 Rb2 32. Nd8 Rg2+ 33. Kf1 Be4 34. g5+ Kxg5 35. Rc7 Bd5 0-1

[Event "Leiden LCT op-A 11th"]
[Site "Leiden"]
[Date "2017.07.17"]
[Round "4"]
[White "Madurga Lopez, Ignacio"]
[Black "Molenaar, Christiaan"]
[Result "0-1"]
[WhiteElo "2071"]
[BlackElo "2099"]
[PlyCount "64"]
[EventDate "2017.07.14"]
[EventType "swiss"]
[EventRounds "9"]
[EventCountry "NED"]
[SourceTitle "EXT 2018"]
[Source "ChessBase"]
[SourceDate "2017.10.13"]
[SourceVersion "1"]
[SourceVersionDate "2017.10.13"]
[SourceQuality "1"]

1. e4 Nf6 2. e5 Nd5 3. c4 Nb6 4. c5 Nd5 5. Nc3 c6 6. Bc4 d6 7. exd6 exd6 8. Nxd5 cxd5 9. Bxd5 dxc5 10. Qf3 Qc7 11. d4 Nc6 12. Bf4 Qe7+ 13. Kf1 Nxd4 14. Qg3 Be6 15. Re1 Qd7 16. Bxe6 Nxe6 17. Nf3 Be7 18. Be5 Qd3+ 19. Kg1 Qg6 20. Nh4 Bxh4 21. Qxh4 0-0 22. h3 Rad8 23. Kh2 Rd2 24. Re3 Qg5 25. Qxg5 Nxg5 26. f4 Ne6 27. f5 Nd4 28. Bd6 Nxf5 29. Bxf8 Nxe3 30. Re1 Rxg2+ 31. Kh1 Kxf8 32. Rxe3 Rxb2 0-1

[Event "Maastricht Limburg op-A 11th"]
[Site "Maastricht"]
[Date "2017.06.04"]
[Round "4"]
[White "Molenaar, Christiaan"]
[Black "Janssen, Ruud"]
[Result "0-1"]
[WhiteElo "2081"]
[BlackElo "2521"]
[PlyCount "66"]
[EventDate "2017.06.02"]
[EventType "swiss"]
[EventRounds "7"]
[EventCountry "NED"]
[SourceTitle "CBM 178 Extra"]
[Source "ChessBase"]
[SourceDate "2017.06.22"]
[SourceVersion "1"]
[SourceVersionDate "2017.06.22"]
[SourceQuality "1"]

1. f4 d5 2. Nf3 g6 3. e3 Bg7 4. Be2 c5 5. d3 Nc6 6. 0-0 Nf6 7. Nc3 d4 8. Ne4 dxe3 9. Nxc5 Qd6 10. d4 Qxf4 11. c3 Ng4 12. d5 Nce5 13. Qa4+ Qxa4 14. Nxa4 b6 15. Bb5+ Bd7 16. Bxd7+ Nxd7 17. h3 Ngf6 18. c4 e2 19. Re1 Rc8 20. Rxe2 Rxc4 21. Nc3 Rxc3 22. bxc3 Nxd5 23. Bb2 Nf4 24. Re4 Nd3 25. Ba3 N7c5 26. Bxc5 Nxc5 27. Re3 e6 28. Rd1 Ke7 29. Nd4 Rc8 30. Kf1 a6 31. Rb1 b5 32. Ke2 Na4 33. Kd2 Bh6 0-1